logo

Bir Sreshtho Munshi Abdur Rouf Library
Jhenaidah Cadet College

William Shakespeare : (Record no. 9855)

MARC details
000 -LEADER
fixed length control field 00836cam a2200289 a 4500
001 - CONTROL NUMBER
JCCL Control Number 9855
003 - CONTROL NUMBER IDENTIFIER
JCCL marc code BD-JhCC
005 - DATE AND TIME OF LATEST TRANSACTION
control field 20180520123903.0
008 - FIXED-LENGTH DATA ELEMENTS--GENERAL INFORMATION
fixed length control field 180402s1974 nyua 001 0 eng
035 ## - SYSTEM CONTROL NUMBER
system control number (BD-JhCC)9855
040 ## - CATALOGING SOURCE
Original cataloging agency DLC
Transcribing agency DLC
Modifying agency DLC
-- BD-JhCC
041 ## - LANGUAGE CODE
Language code of Book eng
050 00 - LIBRARY OF CONGRESS CALL NUMBER
Classification number PR2755
Item number .B36 1957
082 00 - DEWEY DECIMAL CLASSIFICATION NUMBER
Classification number 822.3/3
DDC Edition number 22
Author mark and Year SHA 1980
100 1# - MAIN ENTRY--PERSONAL NAME
Personal name Shakespeare, William
240 10 - UNIFORM TITLE
Uniform title Works.
245 10 - TITLE STATEMENT
Title William Shakespeare :
Remainder of title The Complete works /
Statement of responsibility, etc William Shakespeare
246 3# - VARYING FORM OF TITLE
Title proper/short title William Shakespeare complete works
250 ## - EDITION STATEMENT
Edition statement Modern Library ed., 1st ed.
260 ## - PUBLICATION, DISTRIBUTION, ETC. (IMPRINT)
Place of publication, distribution, etc New Delhi :
Name of publisher, distributor, etc Oxford & IBH publishing co. pvt. ltd. ;
Date of publication, distribution, etc 1980.
300 ## - PHYSICAL DESCRIPTION
Pagination 1375 p. :
Other physical details ill. ;
Dimensions 23 cm.
490 0# - SERIES STATEMENT
Series statement The RSC Shakespeare
500 ## - GENERAL NOTE
General note Includes index.
650 ## - SUBJECT ADDED ENTRY--TOPICAL TERM
Topical term or geographic name as entry element Complete works.
942 ## - ADDED ENTRY ELEMENTS (KOHA)
Source of classification or shelving scheme Dewey Decimal Classification
Koha item type Reference
Holdings
Source of classification or shelving scheme Damaged status Not for loan Home library Current library Shelving location Date of accession Total Checkouts Full call number Barcode Date last seen Copy number Koha item type
Dewey Decimal Classification     JCC Rouf Library JCC Rouf Library General Stacks 04/02/2018   822.3/3 SHA 1980 13007 04/02/2018 C-1 Reference
Dewey Decimal Classification     JCC Rouf Library JCC Rouf Library General Stacks 04/23/2018   822.3/3 SHA 1980 13474 04/23/2018 C-2 Reference

JCC Library | Contacts | JCC Home

Last Update on 23 September 2017
Copyright @ 2017-2020 JCC Rouf Library
Rouf Library, Jhenidah Cadet College (JCC), Bangladesh